| 000 | 01379nam a2200241Ia 4500 | ||
|---|---|---|---|
| 003 | Ost | ||
| 005 | 20260416102358.0 | ||
| 008 | 260416s9999||||xx |||||||||||||| ||und|| | ||
| 040 | _cfsecg | ||
| 041 | _aara | ||
| 082 | _a330 | ||
| 100 |
_aدعاس، خليل _eمؤلف |
||
| 245 | 0 |
_a مدخل للإقتصاد : _bموجهة لطلبة السنة الاولى جذع مشترك علوم اقتصادية ، علوم تجارية ، و علوم التسيير / _c خليل دعاس |
|
| 260 |
_aالجزائر _bجامعة الجزائر3: كلية العلوم الإقتصادية، العلوم التجارية وعلوم التسيير _c2022 |
||
| 300 |
_a103 ورقة _bايضاحات _c30 سم |
||
| 504 | _aالمراجع ص. 102 | ||
| 520 | _aالتعريف بعلم الاقتصاد و المشكلة الاقتصادية ، الطلب و الاستهلاك ، العرض و الانتاج ، السوق ، النقود ، الدخل الوطني ، البطالة و التضخم ، التنمية و السياسات الاقتصادية . | ||
| 653 | _aالتنمية الاقتصادية | ||
| 653 | _aالعرض والطلب | ||
| 653 | _aعلم الاقتصاد | ||
| 710 |
_aجامعة الجزائر3: كلية العلوم الإقتصادية، العلوم التجارية وعلوم التسيير _eناشر علمي |
||
| 942 | _cHANDOUT | ||
| 999 |
_c41309 _d41309 |
||